[Event "GER-chT9 KI-32 Br04 email"]
[Site "GER email"]
[Date "2011.10.17"]
[Round "?"]
[White "Bergmann, Franz"]
[Black "Peters, Andreas"]
[Result "0-1"]
[WhiteElo "1668"]
[BlackElo "2031"]
[PlyCount "46"]
[EventDate "2011.10.23"]
[EventType "tourn (corr)"]
[EventRounds "6"]
[EventCountry "GER"]
[SourceTitle "Corr 2015"]
[Source "ChessBase"]
[SourceDate "2015.07.17"]
[SourceVersion "1"]
[SourceVersionDate "2015.07.17"]
[SourceQuality "1"]

1. e4 c5 2. c4 Nc6 3. Nf3 e5 4. Nc3 Be7 5. d3 d6 6. Be2 f5 7. Qb3 Nf6 8. 0-0 0-0 9. Bd2 Nd4 10. Nxd4 exd4 11. Nd5 fxe4 12. dxe4 Nxe4 13. Rad1 Nxd2 14. Rxd2 Bg5 15. Rd3 Be6 16. Qxb7 Rb8 17. Qxa7 Bxd5 18. cxd5 Rxb2 19. Bg4 Be3 20. fxe3 Rxf1+ 21. Kxf1 Qf6+ 22. Bf3 Qh4 23. h3 Qf2# 0-1

[Event "GER-chT9 KI-32 Br04 email"]
[Site "GER email"]
[Date "2011.10.17"]
[Round "?"]
[White "Bergmann, Franz"]
[Black "Philippeit, Boris"]
[Result "0-1"]
[WhiteElo "1668"]
[BlackElo "2037"]
[PlyCount "60"]
[EventDate "2011.10.23"]
[EventType "tourn (corr)"]
[EventRounds "6"]
[EventCountry "GER"]
[SourceTitle "Corr 2015"]
[Source "ChessBase"]
[SourceDate "2015.07.17"]
[SourceVersion "1"]
[SourceVersionDate "2015.07.17"]
[SourceQuality "1"]

1. e4 c5 2. Bc4 e6 3. d4 cxd4 4. Qxd4 Nc6 5. Qd1 Nf6 6. Nc3 Bb4 7. Bd2 d5 8. exd5 exd5 9. Bb5 0-0 10. Na4 Bxd2+ 11. Qxd2 Ne4 12. Qe3 Qa5+ 13. Nc3 d4 14. Qxe4 dxc3 15. b4 Qxb5 16. Ne2 Bf5 17. Qf4 Rfe8 18. 0-0 Rxe2 19. a4 Qe5 20. Qxe5 Rxe5 21. f4 Re2 22. b5 Nd4 23. Ra3 Rc8 24. h3 Nxc2 25. Rb3 Ne3 26. Rc1 Rxg2+ 27. Kh1 Be4 28. Rbxc3 Rxc3 29. Rxc3 Rg6+ 30. Kh2 Nf1# 0-1

[Event "GER-chT9 KI-32 Br04 email"]
[Site "GER email"]
[Date "2011.10.17"]
[Round "?"]
[White "Bergmann, Franz"]
[Black "Schaffrinna, Anke"]
[Result "0-1"]
[WhiteElo "1668"]
[BlackElo "1940"]
[PlyCount "48"]
[EventDate "2011.10.23"]
[EventType "tourn (corr)"]
[EventRounds "6"]
[EventCountry "GER"]
[SourceTitle "Corr 2015"]
[Source "ChessBase"]
[SourceDate "2015.07.17"]
[SourceVersion "1"]
[SourceVersionDate "2015.07.17"]
[SourceQuality "1"]

1. d4 Nf6 2. Bf4 d5 3. Nf3 c5 4. c4 cxd4 5. Qxd4 Nc6 6. Qd1 Qb6 7. Qb3 dxc4 8. Qxb6 axb6 9. Nc3 Ra5 10. e3 e5 11. Bg5 b5 12. Bxf6 gxf6 13. a3 b4 14. Ne4 f5 15. Ned2 b5 16. Be2 bxa3 17. 0-0 axb2 18. Rxa5 Nxa5 19. Nb1 e4 20. Nd4 b4 21. h4 c3 22. Bb5+ Bd7 23. Bxd7+ Kxd7 24. Rd1 Kc8 0-1

[Event "GER-chT9 KI-32 Br04 email"]
[Site "GER email"]
[Date "2011.10.17"]
[Round "?"]
[White "Krutsch, Thomas"]
[Black "Bergmann, Franz"]
[Result "1-0"]
[WhiteElo "1771"]
[BlackElo "1668"]
[PlyCount "55"]
[EventDate "2011.10.23"]
[EventType "tourn (corr)"]
[EventRounds "6"]
[EventCountry "GER"]
[SourceTitle "Corr 2015"]
[Source "ChessBase"]
[SourceDate "2015.07.17"]
[SourceVersion "1"]
[SourceVersionDate "2015.07.17"]
[SourceQuality "1"]

1. d4 d5 2. c4 dxc4 3. e4 e5 4. Nf3 exd4 5. Bxc4 Bb4+ 6. Bd2 Bxd2+ 7. Nbxd2 Nc6 8. 0-0 Be6 9. Rc1 Bxc4 10. Rxc4 Nf6 11. Nb3 0-0 12. Nbxd4 Nxe4 13. Nxc6 Qxd1 14. Ne7+ Kh8 15. Rxd1 Nd6 16. Rxc7 Nb5 17. Rxb7 a6 18. Ne5 Rae8 19. a4 f6 20. N5c6 Rf7 21. axb5 axb5 22. Ng6+ hxg6 23. Rxf7 Kh7 24. Ne7 Ra8 25. f4 f5 26. Rd3 Ra1+ 27. Kf2 Ra4 28. Rh3# 1-0

[Event "GER-chT KG-33 email"]
[Site "GER email"]
[Date "2007.10.25"]
[Round "?"]
[White "Berger, Alfred"]
[Black "Bergmann, Franz"]
[Result "1-0"]
[WhiteElo "2315"]
[BlackElo "1906"]
[PlyCount "49"]
[EventDate "2007.??.??"]
[EventType "tourn (corr)"]
[EventRounds "6"]
[EventCountry "GER"]
[SourceTitle "Corr 2011"]
[Source "ChessBase"]
[SourceDate "2010.08.31"]
[SourceVersion "1"]
[SourceVersionDate "2010.08.31"]
[SourceQuality "1"]

1. Nc3 e5 2. Nf3 Nc6 3. d4 exd4 4. Nxd4 Qf6 5. Ndb5 Bd6 6. Nxd6+ Qxd6 7. Qxd6 cxd6 8. Nb5 Ke7 9. Bf4 Nf6 10. Bxd6+ Ke6 11. 0-0-0 Ne8 12. Bf4 a6 13. Nc3 Nf6 14. e4 Ng4 15. Be2 Nxf2 16. Rd6+ Ke7 17. Rf1 Nxe4 18. Nxe4 f5 19. Bg5+ Ke8 20. Rxf5 g6 21. Rxc6 dxc6 22. Re5+ Kf7 23. Re7+ Kg8 24. Bh6 Bf5 25. Nf6# 1-0